zpět

Detail výsledku týmu

Auto Da Fé ST, Kladno

Datum a čas kvízu

21.5 Celkem bodů Celkový počet nahraných bodů na tomto kvízu bez doplňovacích otázek.
12. Pořadí na kvízu Konečné umístění týmu na tomto kvízu.

Zaznamenané odpovědi

# Otázka Odpověď Body Výsledky
1. V první otázce vás uvítá hlavn... Vyšetřování ztráty třídní knihy 1
2. Od služebně nejstarších k těm... C 1
3. V klasickém hospodském kvízu b... Miloň Čepelka 1
4. Poznejte herce DJC dle indicií... Petr Brukner 1
5. Herci DJC se často objevují ve... Vratné lahve 0
6. Je na čase vyzkoušet, jestli m... jeho bludné představy 1
7. Mnohé hlášky z Vyšetřování ztr... 1B 2D 3C 4A 0
8. "V případě, že tento pán je pr... Rudolf nepřijel 0
9. "Já to tam pil, tu léčivou vod... poblil (jsem) se 0
10. Je skvělé pozorovat, jak se sn... vymýšlení anekdot 1